| 000 | 00587nam a22001937a 4500 | ||
|---|---|---|---|
| 003 | OSt | ||
| 005 | 20251104083915.0 | ||
| 008 | 251104b |||||||| |||| 00| 0 eng d | ||
| 020 | _a971-8614-488 | ||
| 040 | _cCL | ||
| 082 | _a624.1 G477s 2013 | ||
| 100 | _aGILLESANIA, DIEGO INICENSIO T. | ||
| 245 | _a Simplified Reinforced Concrete Design / | ||
| 260 |
_aManila: _bDiego Inocencio Tapang Gillesania, _cc2013. |
||
| 300 |
_avi, 399 pages : _billustrations ; _c22cm. |
||
| 504 | _aIncludes bibliographical references | ||
| 650 | _2Reinforced concrete | ||
| 942 |
_2ddc _cBK-FIL _n0 |
||
| 999 |
_c5436 _d5436 |
||